Historia de la filosofía europea / (Record no. 134484)

MARC details
000 -LEADER
campo de control de longitud fija 00769nam a2200229 i 4500
001 - NÚMERO DE CONTROL
campo de control 134484
003 - IDENTIFICADOR DE NÚMERO DE CONTROL
campo de control ES-MaACL
005 - FECHA Y HORA DE LA ÚLTIMA TRANSACCIÓN
campo de control 20251210185542.0
007 - CAMPO FIJO DE DESCRIPCIÓN FÍSICA--INFORMACIÓN GENERAL
campo de control de longitud fija t|
008 - DATOS DE LONGITUD FIJA--INFORMACIÓN GENERAL
campo de control de longitud fija 070911s1914 sp ||||1| spa d
080 ## - NÚMERO DE LA CLASIFICACIÓN DECIMAL UNIVERSAL
Número de la Clasificación Decimal Universal 1(4)(091)
100 1# - ENTRADA PRINCIPAL--NOMBRE DE PERSONA
Nombre de persona Weber, Alfred.
9 (RLIN) 116250
245 10 - MENCIÓN DEL TÍTULO
Título Historia de la filosofía europea /
Mención de responsabilidad, etc. por Alfredo Weber ; traducida de la séptima edición alemana por Manuel Núñez Arenas.
260 ## - PUBLICACIÓN, DISTRIBUCIÓN, ETC.
Lugar de publicación, distribución, etc. Madrid :
Nombre del editor, distribuidor, etc. Daniel Jorro,
Fecha de publicación, distribución, etc. 1914.
300 ## - DESCRIPCIÓN FÍSICA
Extensión 657 p. ;
Dimensiones 24 cm.
490 1# - MENCIÓN DE SERIE
Mención de serie Biblioteca científico-filosófica
650 #4 - PUNTO DE ACCESO ADICIONAL DE MATERIA--TÉRMINO DE MATERIA
Término de materia o nombre geográfico como elemento de entrada Filosofía-
Subdivisión de forma Historia.
9 (RLIN) 158248
700 1# - ENTRADA AGREGADA--NOMBRE PERSONAL
Nombre de persona Núñez de Arenas, Manuel,
Fechas asociadas al nombre 1886-1951
9 (RLIN) 175837
830 1# - PUNTO DE ACCESO ADICIONAL DE SERIE-TÍTULO UNIFORME
Título uniforme Biblioteca científico-filosófica
9 (RLIN) 181885
852 4# - LOCALIZACIÓN
Ubicación ES-MaACL
Número de control de estantería B-9862
Holdings
Estatus retirado Estado de pérdida Estado de daño No para préstamo Biblioteca de origen Biblioteca actual Ubicación en estantería Fecha de adquisición Fuente de adquisición Total de préstamos Signatura topográfica completa Código de barras Visto por última vez Precio de reemplazo Tipo de ítem Koha
        Biblioteca del Ateneo de Madrid Biblioteca del Ateneo de Madrid Sala Pardo Bazán 17/01/2008     B-9862 1139981 23/02/2023 23/02/2023 Libro impreso